Statistics for 11 Most Introverted Countries

Click here to take the quiz!

General Stats

  • This quiz has been taken 83 times
  • The average score is 8 of 11

Answer Stats

Answer % Correct
Sweden
86%
Finland
84%
Denmark
81%
Iceland
76%
Estonia
74%
Japan
70%
Austria
69%
Belgium
69%
Latvia
65%
Switzerland
62%
Czech Republic
49%

Score Distribution

Percentile by Number Answered

Percent of People with Each Score

Your Score History

You have not taken this quiz